Despicable Me/Minions Movies by IMDb Description - Statistics

General Stats
  • This quiz has been taken 160 times
    115 since last reset
  • The average score is 4 of 6
Answer Stats
Description Movie % Correct
Gru, a criminal mastermind, adopts three orphans as pawns to carry out the biggest heist in history. His life takes an unexpected turn when the little girls see the evildoer as their potential father. Despicable Me
100%
Gru, Lucy, Margo, Edith, and Agnes welcome a new member to the family, Gru Jr., who is intent on tormenting his dad. Gru faces a new nemesis in Maxime Le Mal and his girlfriend Valentina, and the family is forced to go on the run. Despicable Me 4
81%
Gru meets his long-lost, charming, cheerful, and more successful twin brother Dru, who wants to team up with him for one last criminal heist. Despicable Me 3
71%
Minions Stuart, Kevin, and Bob are recruited by Scarlet Overkill, a supervillain who, alongside her inventor husband Herb, hatches a plot to take over the world. Minions
63%
The untold story of one twelve-year-old's dream to become the world's greatest supervillain. Minions: The Rise of Gru
34%
When Gru, the world's most super-bad turned super-dad has been recruited by a team of officials to stop lethal muscle and a host of Gru's own, He has to fight back with new gadgetry, cars, and more minion madness. Despicable Me 2
25%
No matching quizzes found
Score Distribution
Percent of People with Each Score
Percentile by Number Answered
Your Score History
You have not taken this quiz since the last reset